The law affecting valuation of land in Australia (Record no. 121309)
[ view plain ]
| 000 -LEADER | |
|---|---|
| fixed length control field | 00920nam a22002057a 4500 |
| 008 - FIXED-LENGTH DATA ELEMENTS--GENERAL INFORMATION | |
| fixed length control field | 230110b2019 at ||||| |||| 00| 0 eng d |
| 020 ## - INTERNATIONAL STANDARD BOOK NUMBER | |
| ISBN | 9781760022334 |
| 041 ## - LANGUAGE CODE | |
| Language code of text/sound track or separate title | eng |
| 245 ## - TITLE STATEMENT | |
| Title | The law affecting valuation of land in Australia |
| 250 ## - EDITION | |
| Edition statement | 6th |
| 260 ## - PUBLICATION INFORMATION | |
| Place of publication | Alexandria, NSW, Australia, |
| Publisher | The Federation Press, |
| Date | 2020 |
| 300 ## - PHYSICAL DESCRIPTION | |
| Physical description | xl; 769p |
| 500 ## - GENERAL NOTE | |
| General note | Donated by the author |
| 520 ## - ABSTRACT | |
| Abstract | The sixth edition contains valuation law and principles as of June 2019 applied by the courts and tribunals throughout Australia. Care must be exercised in relying upon law and principles extracted from the courts and tribunals in other States and Territories as slight difference in the wording of statutes and regulations can cause different interpretations of the relevant sections and clauses. |
| 650 ## - KEYWORDS | |
| Keywords | Valuation |
| 650 ## - KEYWORDS | |
| Keywords | Land |
| 651 ## - SUBJECT ADDED ENTRY--GEOGRAPHIC NAME | |
| Geographic name | Australia |
| 690 ## - BROAD SUBJECT | |
| 9 (RLIN) | 6273 |
| Broad subject | Valuation |
| 942 ## - ADDED ENTRY ELEMENTS (KOHA) | |
| Suppress in OPAC | Do not suppress in OPAC |
| Lost status | Damaged status | Not for loan | Home library | Current library | Shelving location | Date acquired | Source of acquisition | Total Checkouts | Full call number | Date last seen | Price effective from | Koha item type |
|---|---|---|---|---|---|---|---|---|---|---|---|---|
| London | London | Books | 10/01/2023 | Donated | 346.940437 | 10/01/2023 | 10/01/2023 | Book |